25 Years of TV Dramas Quiz Stats

 Plays Quiz Updated Aug 2, 2021

     
Support Sporcle.
Go Orange.
Score 0/25 Timer 08:00
1 Play Today
% Correct
Breaking Bad
90.8%
Lost
89.9%
Grey's Anatomy
89.6%
Orange is the New Black
85.7%
The Sopranos
83.3%
24
83.3%
Downton Abbey
82.2%
Mad Men
81.8%
Gilmore Girls
78.3%
Friday Night Lights
76.5%
The Handmaid's Tale
75.9%
The Mandalorian
69.6%
Empire
68.7%
% Correct
Scandal
66.6%
Dawson's Creek
65.8%
This is Us
63.1%
Homeland
61.9%
Killing Eve
60.6%
The Wire
50.5%
7th Heaven
45.5%
The O.C.
43.4%
Fargo
41%
The Vampire Diaries
39.7%
The Practice
23.4%
Mrs. America
17.6%

From the Vault

50 Flicks to Click (2012)

by lyndrix

Movies 7m
Let the games begin!
Remove Ads.
Support Sporcle.
Get the best of Sporcle when you Go Orange. This ad-free experience offers more features, more stats, and more fun while also helping to support Sporcle. Thank you for becoming a member.

Show Comments

Extras

Top Quizzes Today


Score Distribution

Your Account Isn't Verified!

In order to create a playlist on Sporcle, you need to verify the email address you used during registration. Go to your Sporcle Settings to finish the process.

Report this User

Report this user for behavior that violates our Community Guidelines.

Details: